Systematic review of the antillean bats of the Natalus micropus-complex (<Chiroptera: Natalidae>) (Registro nro. 10134)

Detalles MARC
000 -CABECERA
Campo de control 006070000a22001810004500
090 ## - CLASIFICACIÓN LOCAL
Colección AR
Consecutivo 01046
041 0# - IDIOMA
Código de idioma para texto/pista de sonido o título separado
100 1# - ASIENTO PRINCIPAL--NOMBRE PERSONAL
Nombre personal Ottenwalder, Jose Alberto
245 10 - MENCION DE TITULO
Título Systematic review of the antillean bats of the Natalus micropus-complex (<Chiroptera: Natalidae>)
650 14 - ASIENTO SECUNDARIO DE MATERIA - TERMINO TEMATICO
Término temático o nombre geográfico como elemento de entrada Sistemática animal
650 14 - ASIENTO SECUNDARIO DE MATERIA - TERMINO TEMATICO
Término temático o nombre geográfico como elemento de entrada Murciélagos
650 14 - ASIENTO SECUNDARIO DE MATERIA - TERMINO TEMATICO
Término temático o nombre geográfico como elemento de entrada Morfología animal
650 14 - ASIENTO SECUNDARIO DE MATERIA - TERMINO TEMATICO
Término temático o nombre geográfico como elemento de entrada Distribución
653 ## - TERMINO DE INDIZACION - NO CONTROLADO
-- Natalidae
-- Natalus
-- Natalus micropus
700 1# - ASIENTO SECUNDARIO - NOMBRE PERSONAL
Nombre personal Genoways, Hugh H.
773 1# - Item fuente:
Título Annals of Carnegie Museum
Especificación de materiales 376
Paginas del Articulo 17-38
Lugar, editorial y fecha de publicación 1982
Información sobre la relación 51
942 ## - ELEMENTOS ADICIONALES (KOHA)
Tipo de ítem Artículo
Existencias
Withdrawn status Lost status Damaged status No para préstamo Colección Ubicación Permanente Ubicación actual Fecha de adquisición Fuente de Valor Datos de publicación Seriada Total Checkouts Número topográfico Inventario / Código de Barras Date last seen Ejemplar Price effective from Forma de adquisición Tipo de material Sistema de Clasificación
      No para Préstamo Hemeroteca Bogotá Bogotá 27/02/2015 Instituto de Ciencias Naturales Fuera de circulación   AR 01046 011360 25/03/2015 1 25/03/2015   Artículo  
      No para Préstamo Hemeroteca Bogotá Bogotá 27/02/2015 Instituto de Ciencias Naturales Fuera de circulación   AR 01046 011361 25/03/2015 2 25/03/2015   Artículo  
      No para Préstamo Hemeroteca Villa de Leyva Villa de Leyva 27/02/2015 Instituto de Ciencias Naturales Fuera de circulación   AR 01046 011362 25/03/2015 3 25/03/2015   Artículo Dewey Decimal Classification